| 000 | 00369 a2200157 4500 | ||
|---|---|---|---|
| 001 | 58788 | ||
| 020 | _a8535700234 | ||
| 040 | _cAnchieta - Pituba | ||
| 100 | _aDreguer, Ricardo | ||
| 240 | 1 | 0 |
_aHistória cotidiano e mentalidades _lpor |
| 245 | 1 | 0 | _aHistória cotidiano e mentalidades |
| 300 | _a183 | ||
| 362 | 0 | _a2000 | |
| 650 | 4 | _aHistória do mundo | |
| 942 | _cBK | ||
| 999 |
_c58788 _d58788 |
||